| 000 | 00402nam a22001697a 4500 | ||
|---|---|---|---|
| 003 | NUST | ||
| 020 | _a978-93-313-1784-1 | ||
| 038 | _akhadija | ||
| 082 |
_a551.48 _bSHA |
||
| 100 |
_aShugufta _982663 |
||
| 245 | _aHydrology and Water Resources Engineering | ||
| 260 |
_aNew Delhi : _bAPH , _c2013. |
||
| 300 |
_a257 p. ; _b22 cm. |
||
| 500 | _aPaperback. | ||
| 563 | _ahardcover | ||
| 942 |
_cBK _2ddc |
||
| 999 |
_c34035 _d34035 |
||